| 000 | 00625nam a2200229 i 4500 | ||
|---|---|---|---|
| 001 | 83558 | ||
| 003 | ES-MaACL | ||
| 005 | 20230906174842.0 | ||
| 007 | t| | ||
| 008 | 041117s1982 fr ||||1| fre d | ||
| 020 | _a2-7073-0303-8 | ||
| 100 | 1 |
_aJacob, Pierre. _965833 |
|
| 245 | 1 | 2 |
_aL'empirisme logique _b: ses antécédents, ses critiques / _cPierre Jacob. |
| 260 |
_aParis : _bMinuit, _c[1982] |
||
| 300 |
_a306 p. ; _c22 cm. |
||
| 490 | 1 | _aPropositions | |
| 500 | _aIndices. | ||
| 504 | _aBibliografía. | ||
| 830 | 0 |
_aPropositions _9177824 |
|
| 852 |
_aES-MaACL _jL-11668 _bR.113490 |
||
| 999 |
_c83558 _d83558 |
||